At the Receiving End (Record no. 14620)

MARC details
000 -LEADER
fixed length control field 00617nam a2200229 a 4500
020 ## - INTERNATIONAL STANDARD BOOK NUMBER
ISBN
082 00 - DEWEY DECIMAL CLASSIFICATION NUMBER
Classification number 303.66
Author Cutter PEO1
245 ## - TITLE STATEMENT
Title At the Receiving End
Sub title Women`s Experiences of Violence in Vadodara
260 ## - PUBLICATION, DISTRIBUTION, ETC. (IMPRINT)
Place of publication Vadodara
Name of publisher People`s Union for Civil Liberties
Year of publication 2002
300 ## - PHYSICAL DESCRIPTION
Number of Pages 28p
500 ## - GENERAL NOTE
General note includes index and biblioraphy
505 2# - FORMATTED CONTENTS NOTE
Formatted contents note Index
650 ## - SUBJECT ADDED ENTRY--TOPICAL TERM
Topical Term Peace-Making
942 ## - ADDED ENTRY ELEMENTS (KOHA)
Koha item type Books
Holdings
Collection code Home library Current library Date acquired Cost, normal purchase price Full call number Accession Number Koha item type
  Henry Martyn Institute Library Henry Martyn Institute Library 03/20/2007 20.00 303.66 PEO1 020414 Books
                   Copyright © 2026 | Henry Martyn Institute | Hyderabad | TS-500052 | INDIA | Implemented by hmi.edu.in
Hit-Count:

Powered by Koha